Travel and tourism - Argentina.

Bibliographic Details
Format: Book
Published: London: Euromonitor International, 2010.
Series:Country market insight : May 2010
LEADER 00398cam a2200121 7i4500
001 0000025334
005 20101216090000.0
245 0 0 |a Travel and tourism - Argentina. 
260 0 0 |a London:   |b Euromonitor International,   |c 2010. 
440 0 0 |a Country market insight : May 2010 
999 |a B000028118  |b Book  |c Countries  |e Business Information Centre 
999 |a B000028117  |b Book  |c Countries  |e Business Information Centre